Get Set : (Record no. 4980)
[ view plain ]
| 000 -LEADER | |
|---|---|
| fixed length control field | 00708nam a2200265 a 4500 |
| 001 - CONTROL NUMBER | |
| JCCL Control Number | 4980 |
| 003 - CONTROL NUMBER IDENTIFIER | |
| JCCL marc code | BD-JhCC |
| 005 - DATE AND TIME OF LATEST TRANSACTION | |
| control field | 20171206120402.0 |
| 008 - FIXED-LENGTH DATA ELEMENTS--GENERAL INFORMATION | |
| fixed length control field | 171206s1986 u a|||| || | 001 0 eng d |
| 020 ## - INTERNATIONAL STANDARD BOOK NUMBER | |
| International Standard Book Number | 0829240942 |
| 035 ## - SYSTEM CONTROL NUMBER | |
| system control number | (BD-JhCC)4980 |
| 040 ## - CATALOGING SOURCE | |
| Original cataloging agency | BD-JhCC |
| Modifying agency | BD-JhCC |
| 041 ## - LANGUAGE CODE | |
| Language code of Book | eng |
| 082 ## - DEWEY DECIMAL CLASSIFICATION NUMBER | |
| Classification number | 418.4 |
| Author mark and Year | FAY 1986 |
| 100 ## - MAIN ENTRY--PERSONAL NAME | |
| Personal name | Fay, Leo |
| 245 ## - TITLE STATEMENT | |
| Title | Get Set : |
| Remainder of title | The Riverside Reading program / |
| Statement of responsibility, etc | Leo Fay, |
| 260 ## - PUBLICATION, DISTRIBUTION, ETC. (IMPRINT) | |
| Place of publication, distribution, etc | Chicago : |
| Name of publisher, distributor, etc | The Riverside Publishing Company, |
| Date of publication, distribution, etc | 1986. |
| 300 ## - PHYSICAL DESCRIPTION | |
| Pagination | 112 p. : |
| Other physical details | ill. ; |
| Dimensions | 22 cm. |
| 504 ## - BIBLIOGRAPHY, ETC. NOTE | |
| Bibliography, etc | Includes Index |
| 650 ## - SUBJECT ADDED ENTRY--TOPICAL TERM | |
| Topical term or geographic name as entry element | Reading (Elementary) |
| 700 ## - ADDED ENTRY--PERSONAL NAME | |
| Personal name | Stoodt, Barbara D. |
| 700 ## - ADDED ENTRY--PERSONAL NAME | |
| Personal name | Hennings, Dorothy Grant |
| 942 ## - ADDED ENTRY ELEMENTS (KOHA) | |
| Source of classification or shelving scheme | Dewey Decimal Classification |
| Koha item type | Books |
| Source of classification or shelving scheme | Damaged status | Not for loan | Home library | Current library | Shelving location | Date of accession | Total Checkouts | Full call number | Barcode | Date last seen | Copy number | Koha item type |
|---|---|---|---|---|---|---|---|---|---|---|---|---|
| Dewey Decimal Classification | JCC Rouf Library | JCC Rouf Library | General Stacks | 12/06/2017 | 418.4 FAY 1986 | 6719 | 12/06/2017 | C-1 | Books |